| 000 | 00761cam a22002653a 4500 | ||
|---|---|---|---|
| 001 | 551 | ||
| 003 | PGUSA | ||
| 005 | 20140828082949.0 | ||
| 008 | 960601s1996||||xxu|||||s|||||000 1 eng d | ||
| 040 |
_aPGUSA _beng |
||
| 042 | _adc | ||
| 050 | 4 | _aPS | |
| 100 | 1 |
_aBurroughs, Edgar Rice, _d1875-1950 |
|
| 245 | 1 | 4 |
_aThe Land That Time Forgot _h[electronic resource] / _cEdgar Rice Burroughs |
| 260 |
_bProject Gutenberg, _c1996 |
||
| 506 | _aPublic domain in the USA. | ||
| 516 | _aElectronic text | ||
| 653 | _aScience fiction | ||
| 653 | _aDinosaurs -- Fiction | ||
| 653 | _aLost continents -- Fiction | ||
| 653 | _aPrehistoric peoples -- Fiction | ||
| 830 | 0 |
_aProject Gutenberg _v551 |
|
| 856 | 4 | 0 | _uhttp://www.gutenberg.org/ebooks/551 |
| 942 | _cEB | ||
| 999 |
_c229902 _d229902 |
||